Kopfrechnen - Statistiken

Allgemein
  • Dieses Quiz wurde 575 mal gespielt
  • Das Durchschnittsergebnis liegt bei 19 aus 22
Antwortstatistiken
Antwort % Korrekt
14*20 280
97%
9*6 54
94%
30*200 6000
94%
7*6 42
93%
45*4 180
90%
67*2 134
88%
45*10 450
88%
17*3 51
88%
8*9 72
88%
13*13 169
87%
99*3 297
87%
17*7 119
86%
11*8 88
86%
12*11 132
85%
25*9 225
84%
15*5 75
82%
13*9 117
80%
18*5 90
75%
24*4 96
73%
23*7 161
70%
61*6 366
70%
16*8 128
69%
Keine übereinstimmenden Quizze gefunden
Verteilung der Resultate
Anzahl Personen mit jedem Resultat
Perzentil nach korrekt beantworteten Fragen
Ihre Resultats-Entwicklung
Sie haben dieses Quiz noch nicht gespielt